| 000 | 00720nam a2200217 i 4500 | ||
|---|---|---|---|
| 001 | 26833 | ||
| 003 | ES-MaACL | ||
| 005 | 20250815111924.0 | ||
| 007 | t| | ||
| 008 | 030110s1975 sp ||||1| spa d | ||
| 100 | 1 |
_aAvery, J. _924031 |
|
| 245 | 1 | 0 |
_aTeoría cuántica de átomos, moléculas y fotones / _cJ. Avery ; versión de M. Fernández Núñez. |
| 250 | _a1ª ed. | ||
| 260 |
_aMadrid : _bAlhambra, _c1975. |
||
| 300 |
_aXIV, 472 p. : _bil. ; _c20 cm. |
||
| 490 | 1 |
_aExedra ; _v102. Sección III, Física-Química 17 |
|
| 650 | 7 |
_aQuímica cuántica _2embne _916632 |
|
| 830 | 0 |
_aExedra ; _v102. Sección III, Física-Química 17 _9177436 |
|
| 852 |
_aES-MaACL _jE-9068 _bR.93283 |
||
| 999 |
_c26833 _d26833 |
||